|
|
|
|
| LEADER |
00880nam a2200205 a 4500 |
| 001 |
00024356 |
| 008 |
111215s2003 bg b 000 0dbeno |
| 040 |
|
|
|a BD-DhAAL
|c BD-DhAAL
|
| 043 |
|
|
|a a-bg---
|
| 082 |
0 |
0 |
|a 304.6
|2 22
|
| 100 |
1 |
|
|a হোসেন, তোফাজ্জল
|
| 245 |
1 |
0 |
|a জনসংখ্যা বিস্ফোরণ ও আগামী পৃথিবী /
|c তোফাজ্জল হোসেন
|
| 260 |
|
|
|a ঢাকা, বাংলাদেশ :
|b আগামী প্রকাশনী,
|c ২০০৩
|
| 300 |
|
|
|a ১৮৯ পৃ.;
|c ২২ সে.মি.
|
| 546 |
|
|
|a In Bengali.
|
| 541 |
|
|
|e 00024356
|
| 650 |
|
0 |
|a Population
|
| 852 |
1 |
|
|a Ayesha Abed Library
|c General Shelf.
|
| 999 |
|
|
|c 11863
|d 11863
|
| 952 |
|
|
|0 0
|1 0
|2 ddc
|4 0
|6 304_600000000000000_HOS
|7 0
|9 19389
|a BRACUL
|b BRACUL
|c GEN
|d 2012-02-07
|l 0
|o 304.6 HOS
|p 3010024356
|r 2012-02-07
|t 1
|w 2012-02-07
|y BK
|